000
00317nam a2200157Ia 4500
100
_a
Schroder/Carla
650
_a
Linux
942
_c
BK
366
_f
20
245
_a
Linux networking Cookbook
260
_b
SPD
_c
2008
082
_a
5.133
_b
SCH
300
_a
612
546
_a
ENGLISH
_c
electronics
999
_c
26300
_d
26300